| 000 | 02322cam a2200385 i 4500 | ||
|---|---|---|---|
| 003 | SA-RiAUC | ||
| 005 | 20260104122636.0 | ||
| 008 | 251231s1963 le g 00100 ara c | ||
| 040 |
_aSA-JeALM _bara _cSA-RiAUC _erda |
||
| 050 | 4 | _bA8 1963 | |
| 082 | 0 | 4 |
_a011 _qSA-RiAUC |
| 090 |
_a011 _bا ب ن خ |
||
| 100 | 1 |
_aابن خير، محمد بن خير بن عمر، _d502-575 هجري _eمؤلف. |
|
| 245 | 1 | 0 |
_aفهرسة ما رواه عن شيوخه من الدواوين المصنفة في ضروب العلم وأنواع المعارف / _cأبو بكر محمد بن خير بن عمر بن خليفة الأموي الإشبيلي ؛ وقف على نسخها وطبعها ومقابلتها على أصل محفوظ في خزانة الإسكوريال فرنسشكة قدارة زيدين، خليان ربارة طرغوة ؛ إِشراف زهير فتح الله. |
| 246 | 3 | 1 | _aIndex des livres etmaitres de abou Bequer bin Khair |
| 250 |
_aالطبعة الثانية. _bمنقحة ومنقطة . |
||
| 264 | 1 |
_aبيروت : _aبغداد : _aالقاهرة : _bالمكتب التجاري ؛ _bمكتبة المثني ؛ _bمؤسسة الخانجي، _c1963 |
|
| 300 |
_a579 صفحة ؛ _c24 سم. |
||
| 336 |
_aنص _btxt _2rdacontent _3كتاب |
||
| 337 |
_aبدون وسيط _bn _2rdamedia |
||
| 338 |
_aمجلد _bnc _2rdacarrier |
||
| 490 | 1 | _aالمكتبة الأندلسية | |
| 650 | 7 |
_aالببليوجرافيات _2aucsh |
|
| 650 | 7 |
_aالإسلام _vفهارس _2aucsh |
|
| 650 | 7 |
_aالإسلام _vببليوجرافيات _2aucsh |
|
| 700 | 1 | 2 |
_iتحقيق لـ (عمل) : _aابن خير، محمد بن خير بن عمر، _d502-575 هجري. _tفهرسة ما رواه عن شيوخه من الدواوين المصنفة في ضروب العلم وأنواع المعارف |
| 700 | 1 |
_aزيدين، فرنسشكة قدارة، _d1836-1917 _eمحقق. |
|
| 700 | 1 |
_aطرغوة، خليان ربارة _eمحقق. |
|
| 700 | 1 |
_aفتح الله، زهير _eمشرف. |
|
| 830 | 2 | _aالمكتبة الأندلسية (المكتب التجاري) | |
| 830 | 2 | _aالمكتبة الأندلسية (مكتبة المثنى) | |
| 830 | 2 | _aالمكتبة الأندلسية (مؤسسة الخانجي) | |
| 942 |
_2ddc _cBOOK _n0 |
||
| 949 |
_aSA-JeALM _d251231 _uosman123 _n1 |
||
| 999 |
_c13863 _d13863 |
||